000 00584nam a2200217Ii 4500
001 9053
003 CO-ViMGA
008 241108s9999||||xx |||||||||||||| ||und||
020 _a9580435979
040 _aCO-ViMGA
_bspa
_erda
_cCO-ViMGA
041 0 _aspa
082 0 4 _a612.6 R36v
100 1 _aLuis Carlos Restrepo C.
_949718
245 1 0 _aVida
264 1 _aBogotá, Colombia : Norma, 1996
300 _avolumen
336 _atext
_btxt
_2rdacontent
337 _aunmediated
_bn
_2rdamedia
338 _avolume
_bnc
_2rdacarrier
940 _aidficha_siabuc: 8852. -- ficha_no_siabuc:9053
999 _c44395
_d44395